Diálogos de amor / (Record no. 184437)

MARC details
000 -LEADER
campo de control de longitud fija 00832nam a2200253 i 4500
001 - NÚMERO DE CONTROL
campo de control 184437
003 - IDENTIFICADOR DE NÚMERO DE CONTROL
campo de control ES-MaACL
005 - FECHA Y HORA DE LA ÚLTIMA TRANSACCIÓN
campo de control 20230906222209.0
008 - DATOS DE LONGITUD FIJA--INFORMACIÓN GENERAL
campo de control de longitud fija 150826s1986 sp |||| | spa d
020 ## - NÚMERO INTERNACIONAL ESTÁNDAR DEL LIBRO
Número Internacional Estándar del Libro 84-309-1340-8
080 ## - NÚMERO DE LA CLASIFICACIÓN DECIMAL UNIVERSAL
Número de la Clasificación Decimal Universal 850-83"15"
100 0# - ENTRADA PRINCIPAL--NOMBRE DE PERSONA
Nombre de persona León Hebreo.
9 (RLIN) 71623
245 10 - MENCIÓN DEL TÍTULO
Título Diálogos de amor /
Mención de responsabilidad, etc. León Hebreo ; traducción de David Romano ; introducción y notas de Andrés Soria Olmedo.
260 ## - PUBLICACIÓN, DISTRIBUCIÓN, ETC.
Lugar de publicación, distribución, etc. Madrid :
Nombre del editor, distribuidor, etc. Tecnos,
Fecha de publicación, distribución, etc. [1986]
300 ## - DESCRIPCIÓN FÍSICA
Extensión LIV, 455 p. ;
Dimensiones 18 cm.
490 1# - MENCIÓN DE SERIE
Mención de serie Colección Metrópolis ;
Designación de volumen o secuencia 3
500 ## - NOTA GENERAL
Nota general Índice.
504 ## - NOTA DE BIBLIOGRAFÍA, ETC.
Nota de bibliografía, etc. Bibliografía: p. LI-LIV.
700 1# - ENTRADA AGREGADA--NOMBRE PERSONAL
Nombre de persona Romano, David.
9 (RLIN) 99249
700 1# - ENTRADA AGREGADA--NOMBRE PERSONAL
Nombre de persona Soria Olmedo, Andrés.
9 (RLIN) 107368
830 0# - PUNTO DE ACCESO ADICIONAL DE SERIE-TÍTULO UNIFORME
Título uniforme Colección Metrópolis ;
Designación de volumen o secuencia 3
9 (RLIN) 178097
852 ## - LOCALIZACIÓN
Ubicación ES-MaACL
Número de control de estantería L-30166
Nota libre . - Donat. Miguel A. Velasco
Holdings
Estatus retirado Estado de pérdida Estado de daño No para préstamo Biblioteca de origen Biblioteca actual Ubicación en estantería Fecha de adquisición Fuente de adquisición Total de préstamos Signatura topográfica completa Código de barras Visto por última vez Precio de reemplazo Tipo de ítem Koha
        Biblioteca del Ateneo de Madrid Biblioteca del Ateneo de Madrid Depósito 2 26/08/2015     L-30166 1194085 23/02/2023 23/02/2023 Libro impreso